000 00951nam a2200253 a 4500
001 000005042
005 20240510192657.0
008 090729s1998 dr a r 000 0 spa d
020 _a8489539820
040 _aDO-SdBNP
_bspa
_cBNPHU
082 _a363.7097293
_bB585m
100 1 _aBidó, Héctor
_914515
245 1 0 _aMedio ambiente de la isla de Santo Domingo :
_bprincipios, fundamentos y enfoques para el control de la contaminación /
_cHéctor Bidó.
260 _aSanto Domingo :
_bUCE,
_c1998.
300 _a608 p. :
_bil. ;
_c23 cm.
500 _aIncluye índice
590 _aInventariado, 2018/BT
650 4 _aPolítica ambiental
_zRepública Dominicana
_910809
650 0 _aMedio ambiente
_99250
650 4 _aControl ambiental
_zRepública Dominicana
_99275
650 4 _aProtección del medio ambiente
_94185
710 2 _aUniversidad Central del Leste (República Dominicana)
_914516
910 _aValidado. Control de calidad. MMOLINA
999 _c4847
_d4847